000 00612cam a2200229 a 4500
001 3816537
005 20180117035836.0
008 851113s1985 onca b 000 0 eng
010 _a 85227880
020 _a0802072690 (pbk.)
040 _aDLC
_cDLC
_dDLC
_dOCoLC
041 _aeng
043 _an-cn---
080 _a338.971 DAV
082 0 0 _a338.971 DAV
_219
100 _a52
101 _aECO
245 0 0 _aApproaches to economic well-being /
_cDavid Laidler, research coordinator.
504 _aIncludes bibliographies.
906 _a7
_bcbc
_corignew
_d3
_encip
_f19
_gy-gencatlg
942 _2ddc
_cBK
999 _c40411
_d40411